Every LEGO Marvel Super Heroes Minifigure Ever Released - Statistics

General Stats
  • This quiz has been taken 36 times
    13 since last reset
  • The average score is 224 of 268
Answer Stats
Answer % Correct
Agatha Harkness
100%
Aldrich Killian
100%
Alligator Loki
100%
America Chavez
100%
Ant-Man (Hank Pym)
100%
Ant-Man (Scott Lang)
100%
Baby Groot
100%
Baby Rocket Raccoon
100%
Baron Mordo
100%
Black Panther (N'Jadaka)
100%
Black Panther (Shuri)
100%
Black Panther (T'Challa)
100%
Black Suit Spider-Man
100%
Bleeding Edge Iron Man
100%
Bruce Banner
100%
Captain America (Bucky Barnes)
100%
Captain America (Sam Wilson)
100%
Captain America (Steve Rogers)
100%
Captain Carter
100%
Captain Marvel
100%
Cyborg Spider-Man
100%
Dead Strange
100%
Dino-Spin
100%
Doctor Octopus (Carolyn Trainer)
100%
Doctor Octopus (Otto Octavius)
100%
Doctor Strange
100%
Eddie Brock
100%
Electro (Francine Frye)
100%
Electro (Maxwell Dillon)
100%
Falcon (Joaquin Torres)
100%
Falcon (Sam Wilson)
100%
Gambit
100%
Gamora
100%
Gamora the Destroyer of Thanos
100%
Ghost
100%
Ghostosaurus
100%
Ghost Spider
100%
Giant-Man (Scott Lang)
100%
Gobby-Raptor
100%
Green Goblin
100%
Groot
100%
Gwen Stacy
100%
Harry Osborn
100%
Hawkeye (Kate Bishop)
100%
Hulk
100%
Human Torch
100%
Iceman
100%
Invisible Woman
100%
Iron Man
100%
Iron Patriot
100%
Iron Skull
100%
Iron Spider (Peter Parker)
100%
Iron Venom
100%
Jean Grey
100%
J. Jonah Jameson
100%
King Namor
100%
King Valkyrie
100%
Lizard
100%
Loki
100%
Magneto
100%
Mantis
100%
Mary Jane Watson
100%
Master Mordo
100%
Mighty Thor
100%
Mister Fantastic
100%
M.O.D.O.K.
100%
Moon Knight
100%
Mr. Knight
100%
Ms. Marvel
100%
Nebula
100%
Ned Leeds
100%
Nick Fury
100%
Night Monkey
100%
Nomad
100%
Norman Osborn
100%
Pepper Potts
100%
Peter Parker
100%
Phoenix
100%
Professor X
100%
Quicksilver
100%
Red Hulk (Thaddeus Ross)
100%
Red She-Hulk
100%
Red Skull
100%
Rescue
100%
Rocket Raccoon
100%
Sandman
100%
Scarlet Witch
100%
Secret Empire Captain America
100%
She-Hulk
100%
Shuri
100%
Sinister Strange
100%
Spider-Ham
100%
Spider-Man 2099 (Gabriel O'Hara)
100%
Spider-Man 2099 (Miguel O'Hara)
100%
Spider-Man India
100%
Spider-Man (Miles Morales)
100%
Spider-Man (Peter B. Parker)
100%
Spider-Man (Peter Parker)
100%
Spider-Woman (Gwen Stacy)
100%
Spidey-Rex
100%
Star-Lord (Peter Quill)
100%
Star-Lord (T'Challa)
100%
Sylvie
100%
Thanos
100%
The Mandarin
100%
The Thing
100%
Thor
100%
Throg
100%
Tony Stark
100%
TVA Loki
100%
Ultron
100%
Valkyrie
100%
Venom
100%
Vision
100%
Wanda Maximoff
100%
War Machine
100%
Wasp
100%
Werewolf Spider-Man
100%
White Vision
100%
Wolverine
100%
Wong
100%
Xu Wenwu
100%
Yondu Udonta
100%
Zombie Captain America
100%
Zombie Hunter Spider-Man
100%
Agent 13
86%
Attuma
86%
Aunt May
86%
Beast
86%
Black Widow
86%
Bucky Barnes
86%
Carnage
86%
Cyborg Spider-Woman
86%
Cyclops
86%
Daredevil
86%
Deadpool
86%
Dino-Rhino
86%
Doctor Doom
86%
Drax the Destroyer
86%
Echo
86%
Ghost Rider (Johnny Blaze)
86%
Ghost Rider (Robbie Reyes)
86%
Gorr the God Butcher
86%
Hawkeye (Clint Barton)
86%
Hobgoblin
86%
Ikaris
86%
Iron Fist
86%
Korg
86%
May "Mayday" Parker
86%
M'Baku
86%
Michelle Jones
86%
Monica Rambeau
86%
Okoye
86%
Photon
86%
Power Man
86%
Proxima Midnight
86%
Red Guardian
86%
Red Hulk (Robert Maverick)
86%
Rhino
86%
Rogue
86%
Ronan the Accuser
86%
Sersi
86%
Sheriff Deadpool
86%
Spider-Girl (Anya Corazon)
86%
Spider-Girl (Jessica Drew)
86%
Spider-Man Noir
86%
Spider-Woman (Jessica Drew)
86%
Spider-Woman (Julia Carpenter)
86%
Storm
86%
Taserface
86%
Taskmaster (Anthony Masters)
86%
Taskmaster (Antonia Dreykov)
86%
The Ancient One
86%
The Punisher
86%
Uatu the Watcher
86%
Werewolf by Night
86%
White Wolf
86%
Winter Soldier
86%
Yelena Belova
86%
Yellowjacket
86%
Adam Warlock
71%
Agent Coulson
71%
Anti-Venom
71%
Arnim Zola
71%
Baron Wolfgang von Strucker
71%
Betty Brant
71%
Black Cat
71%
Corvus Glaive
71%
Crossbones
71%
Cull Obsidian
71%
Detroit Steel
71%
Ebony Maw
71%
Erik Killmonger
71%
Gilgamesh
71%
Grandmaster
71%
Hela
71%
HYDRA Stomper
71%
Ironheart
71%
Iron Monger
71%
Katy Chen
71%
Maria Hill
71%
Maria Rambeau
71%
Miek
71%
Mysterio
71%
Officer Jefferson Davis
71%
Prowler (Miles Morales)
71%
Shang-Chi
71%
Shocker
71%
Soren
71%
Sprite
71%
The Collector
71%
Thena
71%
The Spot
71%
Ulysses Klaue
71%
Vulture (Adrian Toomes)
71%
Vulture (Blackie Drago)
71%
Whiplash
71%
Ajak
57%
Ayesha
57%
Beetle
57%
Bishop
57%
Blade
57%
Deadpool the Duck
57%
Death Dealer
57%
Druig
57%
Erik Selvig
57%
Happy Hogan
57%
Hydro Man
57%
Hyperion
57%
Iron Spider (Amadeus Cho)
57%
Kingo
57%
Kraven the Hunter
57%
Makkari
57%
Nakia
57%
Nova
57%
Phastos
57%
Razor Fist
57%
Robbie Robertson
57%
Ruth Bat-Seraph
57%
Scarlet Spider
57%
Scorpion
57%
Spider-Punk
57%
Sun-Spider
57%
Super-Adaptoid
57%
Talos
57%
White Tiger
57%
Xu Xialing
57%
Alexander Pierce
43%
Amber Grant
43%
Ben Urich
43%
Bernie The Cab Driver
43%
Blazer
43%
Captain George Stacy
43%
Dr. Helen Cho
43%
Dr. Mendel Stromm
43%
Firestar
43%
Giant-Man (Hank Pym)
43%
Morbius the Living Vampire
43%
Morris
43%
Pork Grind
43%
Spider-Byte
43%
Tazer
43%
Trapster
43%
Web-Slinger
43%
Goliath
29%
Ron Barney
29%
Spider-Cat
29%
Spider-Horse
29%
No matching quizzes found
Score Distribution
Percent of People with Each Score
Percentile by Number Answered
Your Score History
You have not taken this quiz since the last reset